000
00334 a2200157 4500
001
70948
020
_a
8598751022
040
_c
Anchieta - Itaigara
100
_a
Robatto, Waldo
240
1
0
_a
Waldo Robatto em telas
_l
por
245
1
0
_a
Waldo Robatto em telas
300
_a
158
362
0
_a
2004
650
4
_a
Pintura
942
_c
BK
999
_c
70948
_d
70948